01270nam a2200325 a 4500001001000000003000900010005001700019008004100036020001500077040002500092041003800117049000900155082001800164100003600182240004400218245014200262260005300404300002100457490003100478500003800509534005400547650003600601650003100637650004100668700004400709830003800753942001400791952012200805999001700927000024189DO-SdBNP20250925082512.0110120s1989 ag r 000 | spa d a9509122149 aDO-SdBNPbspacBNPHU17aenggspa2Código de idioma MARC aBNGR a338.542bK51m1 aKindleberger, Charles P.94967810aManias, panics, and crashes.lEspañol10aManías, pánicos y cracs :bhistoria de las crisis financieras /cCharles P. Kindleberger; traducción de Blanca Ribera de Madariaga. aBarcelona, (España) :bEditorial Ariel,c1989. a288 p. ;c23 cm.1 aAriel Sociedad Económica aIncluye notas al pie de páginas aTítulo original :tManias, panics, and crashes. 7aCrisis económica 991592LEMB 0aCiclos económicos949680 4aPronóstico de la economía9496811 aRibera de Madariaga, Blancaetr.949682 0aAriel Sociedad Económica949683 2ddccLBS1 001054708MOaGRbGRcCTd2011-01-20iLF1l0o338.542 K51mp24189-10r2020-06-25w2020-06-25y4ZPréstamo en sala c23683d23683